Statistics for Pixelated Country Shapes #2

Click here to take the quiz!

General Stats

  • This quiz has been taken 15,502 times
    (15,405 since last reset)
  • The average score is 10 of 15

Answer Stats

Country % Correct
India
91%
France
90%
Mexico
89%
Brazil
87%
New Zealand
83%
China
81%
South Africa
78%
Greece
70%
Norway
67%
Thailand
65%
Philippines
63%
Morocco
61%
Trinidad and Tobago
35%
Bahamas
31%
Oman
23%

Score Distribution

Percentile by Number Answered

Percent of People with Each Score

Your Score History

You have not taken this quiz since the last reset